| 000 | 00615nam a2200253Ia 4500 | ||
|---|---|---|---|
| 003 | OSt | ||
| 005 | 20231110101706.0 | ||
| 008 | 210210b1920 xxu||||| |||| 00| 0 eng d | ||
| 040 | _cAL | ||
| 041 | _aeng | ||
| 082 | _a544/154 | ||
| 100 |
_aSENTER (George) _9141426 |
||
| 245 | _aOutlines of physical chemistry | ||
| 260 |
_aLondon _bMethuen Co Ltd. _c1920 |
||
| 300 | _a432 | ||
| 650 |
_aphysical _9141427 |
||
| 650 |
_aOutlines _9141428 |
||
| 650 |
_aEd _9141429 |
||
| 650 |
_achemistry _9141430 |
||
| 650 |
_a8 _9141431 |
||
| 690 |
_aPhysical Chemistry _9141432 |
||
| 906 | _a009810 | ||
| 942 |
_2ddc _cBK |
||
| 999 |
_c128109 _d128109 |
||